000 00448nam a22001697a 4500
003 OSt
005 20250513094617.0
008 250513b |||||||| |||| 00| 0 eng d
040 _aSEKU
050 _aS 517
_b.R5 T7 1953
100 _aTracey, L. T.
245 _aApproach to farming in Southern Rhodesia.
250 _a3d. ed.
260 _a London,
_bUniversity of London Press
_c1953
650 _aAgriculture.
_zZimbabwe
942 _2lcc
_cGEN
999 _c18551
_d18551